000 00664nam a22002417a 4500
003 UA-OsUOA
001 23712
007 ta
008 20040128b un ||||| |||| 00| 0 ukr d
090 _a32(470)
_bП50
942 _cBK
040 _aUA-OsUOA
_brus
_cUA-OsUOA
_dUA-OsUOA
245 _aПолитология в российских регионах
_bСборник материалов
_cСост. М.В.Ильин О.А.Макаланова
300 _a238 с.
955 _a0
041 _arus
080 _a32(470)
020 _a5-8243-0294-4
260 _aМосква
_bРОССПЭН
_c2001
044 _aRU
650 7 _2UDC
999 _c309968
_d309968